[Event "DEM U8 2024"]
[Site "Willingen GER"]
[Date "2024.05.24"]
[Round "6"]
[White "Liu, Yining"]
[Black "Guliyev, Kamran"]
[Result "0-1"]
[Termination "normal"]
[Board "15"]
[WhiteElo "1210"]
[BlackElo "1106"]
[WhiteClock "00:29:10"]
[BlackClock "00:49:14"]
[PlyCount "72"]
[WhiteFideId "8655049"]
[BlackFideId "34698809"]
[EventCountry "GER"]
[EventRounds "7"]
[EventType "swiss"]
[EventDate "2024.05.21"]

1. e4 {[%clk 01:00:27]} {[%emt 00:00:02]} e5 {[%clk 01:00:24]} {[%emt
00:00:06]} 2. Nf3 {[%clk 01:00:33]} {[%emt 00:00:10]} Nc6 {[%clk 01:00:26]}
{[%emt 00:00:12]} 3. Bc4 {[%clk 01:00:37]} {[%emt 00:00:12]} Be7 {[%clk
01:00:34]} {[%emt 00:00:07]} 4. Nc3 {[%clk 01:00:39]} {[%emt 00:00:13]} Nf6
{[%clk 01:00:39]} {[%emt 00:00:09]} 5. d3 {[%clk 01:00:36]} {[%emt 00:00:19]}
O-O {[%clk 01:00:42]} {[%emt 00:00:12]} 6. O-O {[%clk 01:00:43]} {[%emt
00:00:08]} d6 {[%clk 01:00:57]} 7. h3 {[%clk 01:00:47]} {[%emt 00:00:11]} Be6
{[%clk 01:00:42]} {[%emt 00:00:29]} 8. Bb3 {[%clk 01:00:49]} {[%emt 00:00:13]}
Qd7 {[%clk 01:00:29]} {[%emt 00:00:28]} 9. Bxe6 {[%emt 00:00:27]} fxe6 {[%clk
01:00:38]} {[%emt 00:00:05]} 10. Be3 {[%clk 01:00:22]} {[%emt 00:00:32]} d5
{[%clk 01:00:31]} {[%emt 00:00:20]} 11. exd5 {[%clk 01:00:21]} {[%emt
00:00:17]} exd5 {[%clk 01:00:40]} {[%emt 00:00:07]} 12. d4 {[%clk 01:00:10]}
{[%emt 00:00:26]} exd4 {[%clk 01:00:03]} {[%emt 00:00:51]} 13. Nxd4 {[%clk
01:00:06]} {[%emt 00:00:19]} a6 {[%clk 00:59:53]} {[%emt 00:00:26]} 14. Re1
{[%clk 00:59:33]} {[%emt 00:00:48]} Rad8 {[%clk 00:59:57]} {[%emt 00:00:11]}
15. Nxc6 {[%clk 00:59:24]} {[%emt 00:00:23]} Qxc6 {[%clk 00:59:58]} {[%emt
00:00:14]} 16. Bd4 {[%clk 00:59:21]} {[%emt 00:00:19]} Bc5 {[%clk 00:59:59]}
{[%emt 00:00:14]} 17. Be3 {[%clk 00:57:01]} {[%emt 00:02:35]} d4 {[%clk
00:59:57]} {[%emt 00:00:17]} 18. Qe2 {[%clk 00:56:43]} {[%emt 00:00:32]} dxe3
{[%clk 00:59:44]} {[%emt 00:00:27]} 19. Qc4+ {[%clk 00:56:18]} {[%emt
00:00:40]} Kh8 {[%clk 00:59:44]} {[%emt 00:00:15]} 20. f3 {[%clk 00:54:22]}
{[%emt 00:02:12]} Rd4 {[%clk 00:59:11]} {[%emt 00:00:48]} 21. Qb3 {[%clk
00:49:41]} {[%emt 00:04:56]} Rb4 {[%clk 00:59:09]} {[%emt 00:00:17]} 22. Qa3
{[%clk 00:49:43]} {[%emt 00:00:13]} Rd4 {[%clk 00:54:53]} {[%emt 00:04:30]} 23.
Qb3 {[%clk 00:49:30]} {[%emt 00:00:28]} Rd2 {[%clk 00:54:31]} {[%emt 00:00:37]}
24. a3 {[%clk 00:48:47]} {[%emt 00:00:58]} Nd7 {[%clk 00:53:25]} {[%emt
00:01:22]} 25. Ne4 {[%clk 00:48:32]} {[%emt 00:00:30]} Bb6 {[%clk 00:51:47]}
{[%emt 00:01:53]} 26. Ng5 {[%clk 00:48:03]} {[%emt 00:00:44]} h6 {[%clk
00:51:24]} {[%emt 00:00:38]} 27. Nf7+ {[%clk 00:48:04]} {[%emt 00:00:14]} Kh7
{[%clk 00:51:27]} {[%emt 00:00:12]} 28. Kh1 {[%clk 00:47:38]} {[%emt 00:00:41]}
Qg6 {[%clk 00:51:09]} {[%emt 00:00:34]} 29. Rg1 {[%clk 00:46:26]} {[%emt
00:01:27]} e2 {[%clk 00:51:00]} {[%emt 00:00:24]} 30. Qb4 {[%clk 00:45:39]}
{[%emt 00:01:02]} Rxc2 {[%clk 00:49:41]} {[%emt 00:01:34]} 31. Ne5 {[%emt
00:00:56]} Nxe5 {[%clk 00:49:06]} {[%emt 00:00:17]} 32. Qxf8 {[%clk 00:45:30]}
{[%emt 00:00:15]} Bxg1 {[%clk 00:48:57]} {[%emt 00:00:25]} 33. Qe7 {[%clk
00:43:57]} {[%emt 00:01:48]} e1=Q {[%clk 00:49:01]} {[%emt 00:00:10]} 34. Qxg7+
{[%clk 00:30:50]} {[%emt 00:13:21]} Kxg7 {[%clk 00:49:06]} {[%emt 00:00:10]}
35. g4 {[%clk 00:29:32]} {[%emt 00:01:33]} Qf2 {[%clk 00:49:08]} {[%emt
00:00:13]} 36. Rxg1 {[%clk 00:29:10]} {[%emt 00:00:36]} Qh2# {[%clk 00:49:14]}
{[%emt 00:00:10]} 0-1

[Event "DEM U8 2024"]
[Site "Willingen GER"]
[Date "2024.05.24"]
[Round "6"]
[White "Graf, Tom"]
[Black "Blum-Barth, Elias"]
[Result "1/2-1/2"]
[Termination "normal"]
[Board "16"]
[WhiteElo "1456"]
[BlackElo "1093"]
[WhiteClock "00:22:26"]
[BlackClock "00:13:34"]
[PlyCount "86"]
[WhiteFideId "34622420"]
[EventCountry "GER"]
[EventRounds "7"]
[EventType "swiss"]
[EventDate "2024.05.21"]

1. e4 {[%clk 01:00:27]} {[%emt 00:00:02]} d6 {[%clk 01:00:22]} {[%emt
00:00:09]} 2. d4 {[%clk 01:00:35]} {[%emt 00:00:07]} Nf6 {[%clk 01:00:27]}
{[%emt 00:00:09]} 3. Nc3 {[%clk 01:00:43]} {[%emt 00:00:08]} g6 {[%clk
01:00:33]} {[%emt 00:00:08]} 4. f3 {[%clk 01:00:43]} {[%emt 00:00:15]} c6
{[%clk 01:00:23]} {[%emt 00:00:24]} 5. Be3 {[%clk 01:00:46]} {[%emt 00:00:13]}
b5 {[%clk 01:00:27]} {[%emt 00:00:12]} 6. Qd2 {[%clk 01:00:44]} {[%emt
00:00:16]} a5 {[%clk 01:00:26]} {[%emt 00:00:17]} 7. a3 {[%clk 00:58:58]}
{[%emt 00:02:01]} Ba6 {[%clk 00:58:28]} {[%emt 00:02:12]} 8. Bd3 {[%clk
00:57:03]} {[%emt 00:02:11]} Qc7 {[%clk 00:57:11]} {[%emt 00:01:32]} 9. Nge2
{[%clk 00:56:32]} {[%emt 00:00:46]} c5 {[%clk 00:57:06]} {[%emt 00:00:19]} 10.
Nf4 {[%clk 00:56:11]} {[%emt 00:00:37]} Nbd7 {[%clk 00:53:40]} {[%emt
00:03:41]} 11. Nfd5 {[%clk 00:54:11]} {[%emt 00:02:16]} Qb7 {[%clk 00:50:59]}
{[%emt 00:02:55]} 12. dxc5 {[%clk 00:52:21]} {[%emt 00:02:05]} Nxd5 {[%clk
00:49:30]} {[%emt 00:01:45]} 13. Nxd5 {[%clk 00:51:39]} {[%emt 00:00:57]} dxc5
{[%clk 00:48:28]} {[%emt 00:01:17]} 14. b3 {[%clk 00:49:07]} {[%emt 00:02:47]}
Bg7 {[%clk 00:43:44]} {[%emt 00:04:57]} 15. Rb1 {[%clk 00:48:47]} {[%emt
00:00:37]} e6 {[%clk 00:41:12]} {[%emt 00:02:47]} 16. Nf4 {[%clk 00:48:03]}
{[%emt 00:00:58]} b4 {[%clk 00:41:00]} {[%emt 00:00:27]} 17. axb4 {[%clk
00:47:09]} {[%emt 00:01:10]} cxb4 {[%clk 00:40:22]} {[%emt 00:00:53]} 18. Bxa6
{[%clk 00:44:34]} {[%emt 00:02:50]} Qxa6 {[%clk 00:40:09]} {[%emt 00:00:28]}
19. Qd1 {[%clk 00:42:24]} {[%emt 00:02:26]} Rd8 {[%clk 00:38:43]} {[%emt
00:01:40]} 20. Qe2 {[%clk 00:41:59]} {[%emt 00:00:41]} Qc8 {[%clk 00:36:58]}
{[%emt 00:02:01]} 21. O-O {[%clk 00:40:50]} {[%emt 00:01:23]} O-O {[%clk
00:36:24]} {[%emt 00:00:49]} 22. Nh3 {[%clk 00:40:12]} {[%emt 00:00:53]} Nc5
{[%clk 00:30:41]} {[%emt 00:05:58]} 23. Qf2 {[%emt 00:01:50]} Nb7 {[%clk
00:30:36]} 24. Rfc1 {[%clk 00:37:43]} {[%emt 00:01:29]} Qb8 {[%clk 00:29:14]}
{[%emt 00:01:37]} 25. Qh4 {[%clk 00:36:53]} {[%emt 00:01:04]} h5 {[%clk
00:26:41]} {[%emt 00:02:49]} 26. Bf4 {[%clk 00:36:26]} {[%emt 00:00:42]} Qa7+
{[%clk 00:26:22]} {[%emt 00:00:33]} 27. Kh1 {[%clk 00:36:06]} {[%emt 00:00:36]}
Qc5 {[%clk 00:19:57]} {[%emt 00:06:40]} 28. Qg3 {[%clk 00:31:16]} {[%emt
00:05:05]} e5 {[%clk 00:18:54]} {[%emt 00:01:17]} 29. Bg5 {[%clk 00:28:50]}
{[%emt 00:02:42]} f6 {[%clk 00:19:02]} {[%emt 00:00:07]} 30. Bh6 {[%clk
00:28:12]} {[%emt 00:00:53]} Bxh6 {[%clk 00:17:49]} {[%emt 00:01:28]} 31. Qxg6+
{[%clk 00:28:08]} {[%emt 00:00:19]} Bg7 {[%clk 00:17:51]} {[%emt 00:00:12]} 32.
Rd1 {[%clk 00:25:41]} {[%emt 00:02:44]} Rxd1+ {[%clk 00:17:43]} {[%emt
00:00:23]} 33. Rxd1 {[%clk 00:25:48]} {[%emt 00:00:08]} Qxc2 {[%clk 00:17:39]}
34. Rd7 {[%clk 00:25:32]} {[%emt 00:00:49]} Qc1+ {[%clk 00:17:24]} {[%emt
00:00:31]} 35. Ng1 {[%clk 00:25:35]} {[%emt 00:00:11]} Qh6 {[%clk 00:17:28]}
{[%emt 00:00:12]} 36. Qxh6 {[%clk 00:25:06]} {[%emt 00:00:44]} Bxh6 {[%clk
00:17:34]} {[%emt 00:00:08]} 37. Rxb7 {[%clk 00:25:13]} {[%emt 00:00:07]} Rd8
{[%clk 00:17:32]} {[%emt 00:00:18]} 38. g3 {[%clk 00:24:46]} {[%emt 00:00:42]}
Rd3 {[%clk 00:14:25]} {[%emt 00:03:23]} 39. Rb5 {[%clk 00:24:23]} {[%emt
00:00:38]} Rxb3 {[%clk 00:14:28]} {[%emt 00:00:13]} 40. Rxa5 {[%clk 00:24:30]}
{[%emt 00:00:08]} Rb1 {[%clk 00:14:27]} {[%emt 00:00:15]} 41. Kg2 {[%clk
00:24:32]} {[%emt 00:00:12]} b3 {[%clk 00:14:34]} {[%emt 00:00:09]} 42. Rb5
{[%clk 00:23:23]} {[%emt 00:01:23]} b2 {[%clk 00:14:42]} {[%emt 00:00:07]} 43.
Ne2 {[%clk 00:22:26]} {[%emt 00:01:12]} Be3 {[%clk 00:13:34]} {[%emt 00:01:23]}
1/2-1/2

[Event "DEM U8 2024"]
[Site "Willingen GER"]
[Date "2024.05.24"]
[Round "6"]
[White "Jiang, Luca"]
[Black "Wang, Kaichen"]
[Result "1-0"]
[Termination "normal"]
[Board "17"]
[WhiteElo "1098"]
[BlackElo "1599"]
[WhiteClock "00:40:00"]
[BlackClock "00:36:07"]
[PlyCount "123"]
[BlackFideId "34626891"]
[EventCountry "GER"]
[EventRounds "7"]
[EventType "swiss"]
[EventDate "2024.05.21"]

1. e4 {[%clk 01:00:26]} {[%emt 00:00:02]} c5 {[%clk 01:00:21]} {[%emt
00:00:09]} 2. Nc3 {[%clk 01:00:20]} {[%emt 00:00:21]} a6 {[%clk 01:00:24]}
{[%emt 00:00:13]} 3. a4 {[%clk 01:00:25]} {[%emt 00:00:09]} b6 {[%clk
01:00:05]} {[%emt 00:00:36]} 4. Bc4 {[%clk 01:00:27]} {[%emt 00:00:12]} e6
{[%clk 01:00:10]} {[%emt 00:00:09]} 5. d3 {[%clk 01:00:22]} {[%emt 00:00:20]}
Bb7 {[%clk 00:59:58]} {[%emt 00:00:27]} 6. Nf3 {[%clk 01:00:25]} {[%emt
00:00:13]} Nc6 {[%clk 00:59:31]} {[%emt 00:00:42]} 7. Bf4 {[%clk 01:00:12]}
{[%emt 00:00:26]} h6 {[%clk 00:58:59]} {[%emt 00:00:47]} 8. h3 {[%clk
01:00:07]} {[%emt 00:00:19]} d6 {[%clk 00:58:26]} {[%emt 00:00:51]} 9. O-O
{[%clk 01:00:02]} {[%emt 00:00:20]} e5 {[%clk 00:58:29]} {[%emt 00:00:11]} 10.
Bh2 {[%clk 00:59:00]} {[%emt 00:01:18]} Nf6 {[%clk 00:58:34]} {[%emt 00:00:09]}
11. Qd2 {[%clk 00:58:58]} {[%emt 00:00:16]} Be7 {[%clk 00:58:24]} {[%emt
00:00:24]} 12. Rfe1 {[%clk 00:58:46]} {[%emt 00:00:24]} O-O {[%clk 00:58:31]}
{[%emt 00:00:13]} 13. Rad1 {[%clk 00:58:12]} {[%emt 00:00:48]} Qd7 {[%clk
00:57:31]} {[%emt 00:01:15]} 14. Nd5 {[%clk 00:58:02]} {[%emt 00:00:25]} Nxd5
{[%clk 00:57:01]} {[%emt 00:00:44]} 15. Bxd5 {[%clk 00:57:44]} {[%emt
00:00:35]} Nb4 {[%clk 00:56:41]} {[%emt 00:00:34]} 16. Bxb7 {[%clk 00:57:39]}
{[%emt 00:00:20]} Qxb7 {[%clk 00:56:47]} {[%emt 00:00:09]} 17. c3 {[%clk
00:57:44]} {[%emt 00:00:09]} Nc6 {[%clk 00:56:50]} {[%emt 00:00:13]} 18. d4
{[%clk 00:57:02]} {[%emt 00:00:56]} Rad8 {[%clk 00:54:31]} {[%emt 00:02:33]}
19. Qe2 {[%clk 00:56:41]} {[%emt 00:00:36]} Bf6 {[%clk 00:54:00]} {[%emt
00:00:47]} 20. dxe5 {[%clk 00:56:17]} {[%emt 00:00:38]} dxe5 {[%clk 00:54:00]}
{[%emt 00:00:15]} 21. Rxd8 {[%clk 00:56:00]} {[%emt 00:00:32]} Rxd8 {[%clk
00:54:06]} {[%emt 00:00:09]} 22. Rd1 {[%clk 00:55:28]} {[%emt 00:00:46]} Rxd1+
{[%clk 00:51:58]} {[%emt 00:02:24]} 23. Qxd1 {[%clk 00:55:30]} {[%emt
00:00:13]} Qb8 {[%clk 00:51:35]} {[%emt 00:00:39]} 24. Qd5 {[%clk 00:55:14]}
{[%emt 00:00:28]} Qc7 {[%clk 00:51:33]} {[%emt 00:00:17]} 25. Qd3 {[%clk
00:54:09]} {[%emt 00:01:21]} a5 {[%clk 00:51:33]} {[%emt 00:00:16]} 26. Kf1
{[%clk 00:53:18]} {[%emt 00:01:05]} Kf8 {[%clk 00:51:27]} {[%emt 00:00:23]} 27.
g4 {[%emt 00:00:24]} g5 {[%emt 00:00:26]} 28. Ke2 {[%clk 00:52:09]} {[%emt
00:00:34]} Ke7 {[%emt 00:00:25]} 29. Qd5 {[%clk 00:52:00]} {[%emt 00:00:22]}
Qd6 {[%clk 00:50:34]} {[%emt 00:01:01]} 30. Qxd6+ {[%clk 00:51:40]} {[%emt
00:00:34]} Kxd6 {[%clk 00:50:22]} {[%emt 00:00:27]} 31. Kd3 {[%clk 00:50:21]}
{[%emt 00:00:13]} Bd8 {[%clk 00:50:04]} {[%emt 00:01:55]} 32. Kc4 {[%clk
00:49:14]} {[%emt 00:01:21]} f6 {[%clk 00:49:58]} {[%emt 00:00:23]} 33. h4
{[%clk 00:48:59]} {[%emt 00:00:28]} Na7 {[%clk 00:49:26]} {[%emt 00:00:48]} 34.
hxg5 {[%emt 00:00:38]} hxg5 {[%emt 00:00:22]} 35. b4 {[%clk 00:47:38]} {[%emt
00:00:35]} axb4 {[%clk 00:48:29]} {[%emt 00:01:12]} 36. cxb4 {[%clk 00:47:06]}
{[%emt 00:00:46]} cxb4 {[%clk 00:47:34]} {[%emt 00:01:11]} 37. Kxb4 {[%clk
00:47:00]} {[%emt 00:00:05]} Nc6+ {[%clk 00:47:45]} {[%emt 00:00:20]} 38. Ka3
{[%clk 00:46:37]} {[%emt 00:00:36]} Na7 {[%clk 00:46:58]} {[%emt 00:01:04]} 39.
Nd2 {[%clk 00:46:40]} {[%emt 00:00:10]} Ke6 {[%clk 00:46:27]} {[%emt 00:00:48]}
40. Kb4 {[%clk 00:46:30]} {[%emt 00:00:26]} Be7+ {[%clk 00:46:02]} {[%emt
00:00:39]} 41. Kc4 {[%clk 00:46:16]} {[%emt 00:00:30]} Bc5 {[%clk 00:44:22]}
{[%emt 00:01:52]} 42. f3 {[%clk 00:45:51]} {[%emt 00:00:40]} Be3 {[%clk
00:44:00]} {[%emt 00:00:30]} 43. Kd3 {[%clk 00:44:53]} {[%emt 00:01:21]} Bxd2
{[%clk 00:43:41]} {[%emt 00:00:34]} 44. Kxd2 {[%clk 00:44:55]} {[%emt
00:00:14]} b5 {[%clk 00:43:46]} {[%emt 00:00:11]} 45. Bg1 {[%clk 00:44:32]}
{[%emt 00:00:37]} Nc8 {[%clk 00:41:24]} {[%emt 00:02:37]} 46. axb5 {[%clk
00:44:31]} {[%emt 00:00:15]} Nd6 {[%clk 00:41:24]} {[%emt 00:00:14]} 47. b6
{[%clk 00:44:00]} {[%emt 00:00:44]} Kd7 {[%clk 00:41:36]} {[%emt 00:00:07]} 48.
Kc3 {[%clk 00:43:49]} {[%emt 00:00:24]} Kc8 {[%clk 00:39:10]} {[%emt 00:02:44]}
49. Kb4 {[%clk 00:43:38]} {[%emt 00:00:25]} Kb8 {[%clk 00:39:06]} {[%emt
00:00:19]} 50. Kc5 {[%clk 00:42:09]} {[%emt 00:01:43]} Nb7+ {[%clk 00:38:58]}
{[%emt 00:00:24]} 51. Kc6 {[%clk 00:42:05]} {[%emt 00:00:18]} Kc8 {[%clk
00:39:01]} {[%emt 00:00:13]} 52. Kd5 {[%clk 00:42:01]} {[%emt 00:00:19]} Kd7
{[%clk 00:38:51]} {[%emt 00:00:25]} 53. Bc5 {[%emt 00:00:29]} Nxc5 {[%emt
00:00:59]} 54. Kxc5 {[%clk 00:40:38]} {[%emt 00:00:09]} Kc8 {[%clk 00:38:55]}
{[%emt 00:00:11]} 55. Kc6 {[%clk 00:40:35]} {[%emt 00:00:18]} Kb8 {[%clk
00:37:40]} {[%emt 00:01:31]} 56. b7 {[%clk 00:40:42]} {[%emt 00:00:08]} Ka7
{[%clk 00:37:21]} {[%emt 00:00:33]} 57. Kc7 {[%clk 00:40:51]} {[%emt 00:00:06]}
Ka6 {[%clk 00:37:09]} {[%emt 00:00:28]} 58. b8=Q {[%emt 00:00:36]} Ka5 {[%emt
00:00:15]} 59. Kc6 {[%clk 00:40:03]} {[%emt 00:00:10]} Ka4 {[%clk 00:37:10]}
{[%emt 00:00:14]} 60. Qb2 {[%clk 00:40:00]} {[%emt 00:00:17]} f5 {[%clk
00:36:51]} {[%emt 00:00:37]} 61. Kc5 {[%clk 00:40:00]} {[%emt 00:00:14]} fxe4
{[%clk 00:36:07]} {[%emt 00:00:59]} 62. Qb4# {[%emt 00:00:21]} 1-0

[Event "DEM U8 2024"]
[Site "Willingen GER"]
[Date "2024.05.24"]
[Round "6"]
[White "Hobbie, Benjamin"]
[Black "Roscher, Simon"]
[Result "1/2-1/2"]
[Termination "normal"]
[Board "18"]
[WhiteElo "945"]
[BlackElo "1109"]
[WhiteClock "00:48:48"]
[BlackClock "00:44:49"]
[PlyCount "148"]
[WhiteFideId "34676589"]
[BlackFideId "34673130"]
[EventCountry "GER"]
[EventRounds "7"]
[EventType "swiss"]
[EventDate "2024.05.21"]

1. e4 {[%clk 01:00:24]} {[%emt 00:00:05]} d5 {[%clk 01:00:22]} {[%emt
00:00:09]} 2. exd5 {[%clk 01:00:30]} {[%emt 00:00:10]} Nf6 {[%clk 01:00:24]}
{[%emt 00:00:13]} 3. d4 {[%clk 01:00:37]} {[%emt 00:00:07]} c6 {[%clk
01:00:30]} {[%emt 00:00:10]} 4. Nc3 {[%clk 01:00:14]} {[%emt 00:00:38]} cxd5
{[%clk 01:00:24]} {[%emt 00:00:21]} 5. Nf3 {[%clk 01:00:18]} {[%emt 00:00:10]}
Nc6 {[%clk 00:59:30]} {[%emt 00:01:09]} 6. Bf4 {[%clk 01:00:06]} {[%emt
00:00:28]} Bf5 {[%clk 00:59:39]} {[%emt 00:00:07]} 7. Bd3 {[%clk 00:59:57]}
{[%emt 00:00:23]} Bxd3 {[%clk 00:59:46]} {[%emt 00:00:09]} 8. Qxd3 {[%clk
01:00:00]} {[%emt 00:00:10]} e6 {[%clk 00:59:54]} {[%emt 00:00:08]} 9. Ne5
{[%clk 00:59:49]} {[%emt 00:00:26]} Bd6 {[%clk 00:59:09]} {[%emt 00:01:00]} 10.
Nxc6 {[%clk 00:59:39]} {[%emt 00:00:25]} bxc6 {[%clk 00:59:16]} {[%emt
00:00:09]} 11. Qd2 {[%clk 00:59:37]} {[%emt 00:00:16]} O-O {[%clk 00:59:12]}
{[%emt 00:00:19]} 12. Bg5 {[%clk 00:59:42]} {[%emt 00:00:10]} h6 {[%clk
00:58:51]} {[%emt 00:00:37]} 13. Bh4 {[%clk 00:59:48]} {[%emt 00:00:08]} Bb4
{[%clk 00:57:00]} {[%emt 00:02:08]} 14. O-O {[%clk 00:59:12]} {[%emt 00:00:49]}
Bxc3 {[%clk 00:56:46]} {[%emt 00:00:30]} 15. Qxc3 {[%clk 00:59:15]} {[%emt
00:00:10]} Ne4 {[%clk 00:56:38]} {[%emt 00:00:25]} 16. Bxd8 {[%clk 00:58:48]}
{[%emt 00:00:43]} Nxc3 {[%clk 00:56:44]} {[%emt 00:00:08]} 17. Be7 {[%clk
00:57:05]} {[%emt 00:01:58]} Rfe8 {[%clk 00:55:57]} {[%emt 00:01:03]} 18. Bc5
{[%clk 00:56:48]} {[%emt 00:00:27]} Ne4 {[%emt 00:00:14]} 19. Ba3 {[%clk
00:56:48]} {[%emt 00:00:11]} e5 {[%clk 00:56:04]} {[%emt 00:00:16]} 20. c3
{[%clk 00:56:50]} {[%emt 00:00:15]} exd4 {[%clk 00:56:06]} {[%emt 00:00:13]}
21. cxd4 {[%clk 00:56:42]} {[%emt 00:00:12]} Nd2 {[%clk 00:55:45]} {[%emt
00:00:47]} 22. Rfc1 {[%clk 00:56:39]} {[%emt 00:00:15]} Nc4 {[%clk 00:55:53]}
{[%emt 00:00:09]} 23. g3 {[%clk 00:56:32]} {[%emt 00:00:22]} Rab8 {[%clk
00:55:52]} {[%emt 00:00:17]} 24. Rc2 {[%clk 00:56:32]} {[%emt 00:00:15]} Rb5
{[%clk 00:55:17]} {[%emt 00:00:50]} 25. Rac1 {[%clk 00:56:24]} {[%emt
00:00:22]} f5 {[%clk 00:53:57]} {[%emt 00:01:35]} 26. f3 {[%clk 00:56:05]}
{[%emt 00:00:31]} g5 {[%clk 00:53:51]} {[%emt 00:00:26]} 27. Kf2 {[%clk
00:56:01]} {[%emt 00:00:17]} Kg7 {[%clk 00:53:30]} {[%emt 00:00:38]} 28. Re1
{[%clk 00:55:19]} {[%emt 00:00:57]} Kf7 {[%clk 00:53:24]} {[%emt 00:00:20]} 29.
Rxe8 {[%clk 00:54:43]} {[%emt 00:00:51]} Kxe8 {[%clk 00:53:03]} {[%emt
00:00:38]} 30. Re2+ {[%clk 00:54:19]} {[%emt 00:00:38]} Kf7 {[%clk 00:52:27]}
{[%emt 00:00:50]} 31. Re7+ {[%clk 00:54:15]} {[%emt 00:00:19]} Kg6 {[%clk
00:51:55]} {[%emt 00:00:48]} 32. Re6+ {[%clk 00:53:49]} {[%emt 00:00:42]} Kh5
{[%emt 00:00:12]} 33. h3 {[%emt 00:00:18]} g4 {[%clk 00:49:44]} {[%emt
00:01:55]} 34. fxg4+ {[%clk 00:53:29]} {[%emt 00:00:36]} fxg4 {[%clk 00:49:16]}
{[%emt 00:00:43]} 35. hxg4+ {[%clk 00:53:34]} {[%emt 00:00:09]} Kxg4 {[%clk
00:49:22]} {[%emt 00:00:10]} 36. Rxh6 {[%clk 00:53:40]} {[%emt 00:00:09]} Nxa3
{[%clk 00:49:29]} {[%emt 00:00:08]} 37. bxa3 {[%clk 00:53:44]} {[%emt
00:00:12]} Rb2+ {[%clk 00:49:22]} {[%emt 00:00:17]} 38. Ke1 {[%clk 00:53:31]}
{[%emt 00:00:32]} Kxg3 {[%clk 00:49:21]} {[%emt 00:00:17]} 39. Rxc6 {[%clk
00:53:18]} {[%emt 00:00:14]} Rxa2 {[%emt 00:01:16]} 40. Rc5 {[%clk 00:52:08]}
{[%emt 00:00:23]} Rxa3 {[%clk 00:49:32]} {[%emt 00:00:18]} 41. Kd2 {[%clk
00:52:15]} {[%emt 00:00:09]} Kf4 {[%clk 00:49:32]} {[%emt 00:00:14]} 42. Rxd5
{[%clk 00:52:19]} {[%emt 00:00:12]} Ke4 {[%emt 00:00:21]} 43. Rd7 {[%clk
00:52:21]} {[%emt 00:00:06]} Rd3+ {[%clk 00:49:23]} {[%emt 00:00:25]} 44. Kc2
{[%clk 00:52:20]} {[%emt 00:00:14]} Rxd4 {[%emt 00:00:50]} 45. Rxa7 {[%emt
00:00:22]} Rc4+ {[%emt 00:00:13]} 46. Kd2 {[%clk 00:51:43]} {[%emt 00:00:08]}
Rc8 {[%clk 00:49:29]} {[%emt 00:00:14]} 47. Ra4+ {[%clk 00:51:43]} {[%emt
00:00:15]} Kd5 {[%clk 00:49:34]} {[%emt 00:00:09]} 48. Kd3 {[%clk 00:51:49]}
{[%emt 00:00:09]} Rc1 {[%clk 00:49:23]} {[%emt 00:00:27]} 49. Kd2 {[%clk
00:51:54]} {[%emt 00:00:09]} Rh1 {[%clk 00:49:25]} {[%emt 00:00:12]} 50. Ra5+
{[%clk 00:51:56]} {[%emt 00:00:15]} Kc6 {[%clk 00:49:23]} {[%emt 00:00:17]} 51.
Re5 {[%clk 00:52:00]} {[%emt 00:00:10]} Kd6 {[%clk 00:49:28]} {[%emt 00:00:11]}
52. Re1 {[%clk 00:52:06]} {[%emt 00:00:07]} Rh8 {[%clk 00:49:35]} {[%emt
00:00:07]} 53. Re3 {[%clk 00:52:14]} {[%emt 00:00:08]} Ra8 {[%clk 00:49:26]}
{[%emt 00:00:24]} 54. Rc3 {[%clk 00:51:55]} {[%emt 00:00:35]} Rh8 {[%clk
00:47:54]} {[%emt 00:01:47]} 55. Re3 {[%clk 00:52:02]} {[%emt 00:00:08]} Rh5
{[%clk 00:47:30]} {[%emt 00:00:39]} 56. Rd3+ {[%clk 00:52:10]} {[%emt
00:00:06]} Ke5 {[%clk 00:46:59]} {[%emt 00:00:18]} 57. Ra3 {[%clk 00:52:00]}
{[%emt 00:00:54]} Rh2+ {[%emt 00:00:29]} 58. Kc3 {[%clk 00:52:09]} {[%emt
00:00:05]} Rh3+ {[%emt 00:00:15]} 59. Kb2 {[%clk 00:52:06]} {[%emt 00:00:09]}
Rh2+ {[%clk 00:46:21]} {[%emt 00:00:49]} 60. Kc1 {[%clk 00:52:09]} {[%emt
00:00:12]} Rh1+ {[%clk 00:46:22]} {[%emt 00:00:15]} 61. Kd2 {[%clk 00:52:16]}
{[%emt 00:00:09]} Rh2+ {[%clk 00:45:04]} {[%emt 00:01:44]} 62. Ke1 {[%emt
00:01:22]} Rh8 {[%emt 00:00:42]} 63. Re3+ {[%emt 00:00:04]} Kd4 {[%clk
00:44:25]} {[%emt 00:00:30]} 64. Re7 {[%clk 00:51:21]} {[%emt 00:00:15]} Kd5
{[%clk 00:44:08]} {[%emt 00:00:32]} 65. Rf7 {[%clk 00:51:17]} {[%emt 00:00:18]}
Ke6 {[%emt 00:00:12]} 66. Rc7 {[%emt 00:00:16]} Rh5 {[%clk 00:44:11]} {[%emt
00:00:13]} 67. Ra7 {[%clk 00:51:21]} {[%emt 00:00:13]} Kd6 {[%clk 00:44:16]}
{[%emt 00:00:12]} 68. Ra6+ {[%clk 00:51:27]} {[%emt 00:00:08]} Kc7 {[%clk
00:44:17]} {[%emt 00:00:14]} 69. Rg6 {[%clk 00:51:23]} {[%emt 00:00:18]} Rh7
{[%emt 00:01:42]} 70. Rf6 {[%clk 00:50:07]} {[%emt 00:00:03]} Kd7 {[%clk
00:44:21]} {[%emt 00:00:14]} 71. Ra6 {[%clk 00:48:27]} {[%emt 00:01:54]} Ke8
{[%emt 00:00:25]} 72. Ra8+ {[%clk 00:48:26]} Kf7 {[%clk 00:44:32]} {[%emt
00:00:09]} 73. Ra7+ {[%clk 00:48:35]} {[%emt 00:00:07]} Kg8 {[%clk 00:44:41]}
{[%emt 00:00:07]} 74. Rxh7 {[%clk 00:48:48]} {[%emt 00:00:01]} Kxh7 {[%clk
00:44:49]} {[%emt 00:00:06]} 1/2-1/2